[Event "SF Brackel - SV GA Ruedersdorf"]
[Site "Dittrichshuette"]
[Date "2004.12.27"]
[Round "1.1"]
[White "Fruebing, Stefan"]
[Black "Luft, Dennis"]
[Result "1-0"]
[WhiteElo "2127"]
[BlackElo "1826"]
[PlyCount "99"]
[EventDate "2004.??.??"]

1. e4 e5 2. Nf3 Nc6 3. Bc4 Nf6 4. d3 h6 5. c3 d6 6. Nbd2 g6 7. Nf1 Bg7 8. Ne3
O-O 9. b4 Ne7 10. Bb3 Kh7 11. O-O Nc6 12. a3 Qe7 13. Re1 Re8 14. Bb2 Nd8 15.
Qd2 c6 16. Rad1 Be6 17. Bc2 Ng4 18. d4 Nxe3 19. Rxe3 exd4 20. cxd4 d5 21. e5
Bg4 22. h3 Bxf3 23. Rxf3 Ne6 24. Bc1 Rad8 25. Qd3 Rd7 26. Be3 a6 27. Rf1 Ng5
28. Bxg5 hxg5 29. Qd1 Kg8 30. Rg3 Bh6 31. Qd3 Qe6 32. Rg4 Ra8 33. Rg3 Re8 34.
Rf3 Bg7 35. Qd2 Qe7 36. Bd3 Bh6 37. Qc2 Bg7 38. Re3 Qe6 39. Rg3 Bh6 40. Rg4 Qe7
41. Qb1 Rc7 42. Rc1 Rec8 43. Re1 Bg7 44. f4 gxf4 45. Rxf4 Bh6 46. Rg4 Re8 47.
e6 Kh8 48. Bxg6 fxg6 49. Qxg6 Qh7 50. Qxe8+ 1-0

[Event "SF Brackel - SV GA Ruedersdorf"]
[Site "Dittrichshuette"]
[Date "2004.12.27"]
[Round "1.2"]
[White "Heyden, Jonas"]
[Black "Becker, Nils"]
[Result "1/2-1/2"]
[WhiteElo "1849"]
[BlackElo "2030"]
[PlyCount "130"]
[EventDate "2004.??.??"]

1. e4 c5 2. Nf3 Nc6 3. d4 cxd4 4. Nxd4 g6 5. Nc3 Bg7 6. Be3 Nf6 7. f3 O-O 8.
Bc4 Qb6 9. Qd2 Nxe4 10. Nxe4 Bxd4 11. Bxd4 Qxd4 12. Qxd4 Nxd4 13. O-O-O Nc6 14.
h4 h6 15. g4 Ne5 16. Be2 d6 17. Rdg1 Be6 18. Nc3 f5 19. gxf5 Rxf5 20. Nb5 Bd7
21. Nc7 Rc8 22. Nd5 Kf7 23. Ne3 Rf4 24. Ng4 Bxg4 25. fxg4 Ke6 26. Rh3 a6 27. b3
Kd7 28. a4 Rf2 29. Kd1 Rcf8 30. Ke1 R2f4 31. Rgg3 Re4 32. Re3 Rxe3 33. Rxe3 Rf4
34. Rg3 Kc6 35. Kd2 Kd5 36. c3 a5 37. Ke3 g5 38. hxg5 hxg5 39. Kd2 Kc5 40. Rh3
d5 41. Rh7 Nf7 42. Rg7 e5 43. Ke3 b6 44. Rg6 d4+ 45. cxd4+ exd4+ 46. Kd2 d3 47.
Bxd3 Ne5 48. Rxg5 Kd4 49. Be2 Rf2 50. Rg8 Rg2 51. Rd8+ Kc5 52. Ke3 Nxg4+ 53.
Kf3 Rf2+ 54. Kxg4 Rxe2 55. Kf4 Re6 56. Rd3 Kb4 57. Kf3 Rc6 58. Ke4 Rc3 59. Rd6
Rxb3 60. Rxb6+ Kxa4 61. Ra6 Rc3 62. Kd4 Rc8 63. Rh6 Kb4 64. Rb6+ Ka3 65. Rb7 a4
1/2-1/2

[Event "SF Brackel - SV GA Ruedersdorf"]
[Site "Dittrichshuette"]
[Date "2004.12.27"]
[Round "1.3"]
[White "Beisser, Jacob"]
[Black "Zeldin, Leonid"]
[Result "0-1"]
[WhiteElo "1865"]
[BlackElo "1817"]
[PlyCount "142"]
[EventDate "2004.??.??"]

1. d4 Nf6 2. Nf3 e6 3. g3 Bb4+ 4. c3 Be7 5. Bg2 O-O 6. O-O d6 7. Nbd2 Nbd7 8.
e4 e5 9. Qc2 Re8 10. dxe5 dxe5 11. Nc4 Bc5 12. b4 Bb6 13. Nxb6 axb6 14. Bb2 b5
15. c4 bxc4 16. Qxc4 c6 17. a3 Nb6 18. Qc2 Qc7 19. Rad1 Bg4 20. Rd2 Na4 21. Bc1
c5 22. bxc5 Qxc5 23. Ne1 Qa5 24. Bf3 Rac8 25. Qb1 Nc3 26. Qb2 Bxf3 27. Nxf3
Ncxe4 28. Re2 Qc3 29. Kg2 Qc6 30. Be3 Ng4 31. h4 Nxe3+ 32. Rxe3 f5 33. Kg1 f4
34. Nxe5 Rxe5 35. Qxe5 fxe3 36. fxe3 Nf6 37. Qb2 Qc3 38. Qxb7 Qxe3+ 39. Kh1
Qe4+ 40. Qxe4 Nxe4 41. Rf3 Rc1+ 42. Kg2 Rc2+ 43. Kg1 Nf6 44. Rd3 Kf7 45. a4 Ra2
46. Rd4 Ke6 47. Rb4 Kf5 48. Rf4+ Ke5 49. Rb4 Ne4 50. Rb7 Kf6 51. Rb6+ Kf5 52.
Rb7 Kg6 53. Rb6+ Kh5 54. Rb7 Kh6 55. g4 Rxa4 56. Rb6+ g6 57. Rb7 Ra3 58. Kh2
Ra2+ 59. Kh3 Ra3+ 60. Kh2 Nf2 61. g5+ Kh5 62. Rxh7+ Kg4 63. Kg2 Nh3 64. Rg7
Nf4+ 65. Kf2 Kxh4 66. Rb7 Kxg5 67. Rb5+ Kg4 68. Rb4 g5 69. Rc4 Rf3+ 70. Kg1 Kg3
71. Rc2 Nh3+ 0-1

[Event "SF Brackel - SV GA Ruedersdorf"]
[Site "Dittrichshuette"]
[Date "2004.12.27"]
[Round "1.4"]
[White "Sennholz, Michael"]
[Black "Wapenhans, Alexander"]
[Result "0-1"]
[WhiteElo "1572"]
[BlackElo "1734"]
[PlyCount "66"]
[EventDate "2004.??.??"]

1. e4 c5 2. Nf3 Nc6 3. d4 cxd4 4. Nxd4 g6 5. Nc3 Bg7 6. Be3 Nf6 7. Qd2 O-O 8.
Nxc6 bxc6 9. Be2 Qc7 10. g4 d5 11. f3 Rb8 12. g5 Nd7 13. exd5 Rxb2 14. dxc6
Qxc6 15. Bd4 e5 16. Bxa7 e4 17. Bd4 exf3 18. Bb5 Rxb5 19. Nxb5 Re8+ 20. Kd1
Qxb5 21. Bxg7 Kxg7 22. h4 Qb2 23. Rc1 Re4 24. c3 Qxd2+ 25. Kxd2 Re2+ 26. Kd3
Ne5+ 27. Kd4 f2 28. Rhf1 Re1 29. Kd5 Be6+ 30. Kd6 Nc4+ 31. Kc5 Rxc1 32. Rxc1
Nd2 33. Kb6 Bxa2 0-1

[Event "SC Baden-Oos - Sfr. Neuberg"]
[Site "Dittrichshuette"]
[Date "2004.12.27"]
[Round "1.1"]
[White "Knickel, Aaron"]
[Black "Beck, Frederik"]
[Result "0-1"]
[WhiteElo "1931"]
[BlackElo "2116"]
[PlyCount "104"]
[EventDate "2004.??.??"]

1. e4 c5 2. Nf3 e6 3. d4 cxd4 4. Nxd4 Nc6 5. Be3 Qc7 6. Nc3 a6 7. Bd3 Nf6 8.
O-O Nxd4 9. Bxd4 Bc5 10. Be2 Qd6 11. Bxc5 Qxc5 12. Kh1 b5 13. a3 Bb7 14. Qd3
O-O 15. f4 d5 16. exd5 Nxd5 17. Ne4 Qe7 18. Ng5 Nf6 19. Qh3 e5 20. fxe5 Qxe5
21. Rxf6 Qxg5 22. Rf2 Rae8 23. Bd3 h6 24. Raf1 Bc6 25. Rf5 Qd2 26. R5f2 Qg5 27.
Rf4 Re3 28. Qg4 Qxg4 29. Rxg4 g6 30. Rgf4 f5 31. Kg1 h5 32. Rd4 Kg7 33. Rd6 Rf6
34. Rd8 h4 35. c4 bxc4 36. Bxc4 Bb5 37. Bxb5 axb5 38. Rd5 Rb3 39. Rf2 Rc6 40.
Re2 Rc1+ 41. Kf2 Rb1 42. Rdd2 h3 43. gxh3 Rxh3 44. Kg2 Rb3 45. Rc2 Kh6 46. Rf2
Kg5 47. h3 Kh5 48. Kh2 g5 49. Rxf5 Kh4 50. Rff2 Rxh3+ 51. Kg2 Rbh1 52. Rc8 Kg4
0-1

[Event "SC Baden-Oos - Sfr. Neuberg"]
[Site "Dittrichshuette"]
[Date "2004.12.27"]
[Round "1.2"]
[White "Stiefel, Michael"]
[Black "Weber, Max"]
[Result "0-1"]
[WhiteElo "1945"]
[BlackElo "1877"]
[PlyCount "34"]
[EventDate "2004.??.??"]

1. e4 c5 2. Nf3 Nc6 3. d4 cxd4 4. Nxd4 g6 5. c4 Bg7 6. Be3 Nf6 7. Nc3 O-O 8. f3
Qb6 9. e5 Nxe5 10. Qd2 Qd8 11. O-O-O b6 12. Bh6 Bb7 13. h4 Rc8 14. Bxg7 Kxg7
15. Qg5 Rc5 16. Nf5+ Kh8 17. b4 Nxf3 0-1

[Event "SC Baden-Oos - Sfr. Neuberg"]
[Site "Dittrichshuette"]
[Date "2004.12.27"]
[Round "1.3"]
[White "Seifert, Christopher"]
[Black "Mrinski, Evgenij"]
[Result "0-1"]
[WhiteElo "1849"]
[BlackElo "1792"]
[PlyCount "109"]
[EventDate "2004.??.??"]

1. e4 e5 2. Nf3 Nc6 3. d4 exd4 4. Nxd4 Nf6 5. Nc3 Bb4 6. Bg5 h6 7. Nxc6 bxc6 8.
Bxf6 Qxf6 9. Qf3 Qxf3 10. gxf3 O-O 11. Bc4 Bc5 12. Rd1 Rb8 13. Bb3 Be7 14. Ne2
Bf6 15. c3 c5 16. Rd2 Re8 17. O-O Ba6 18. Rfd1 Bg5 19. Rc2 d6 20. Ng3 Bb5 21.
c4 Bc6 22. Re2 g6 23. Nf1 a5 24. Rb1 Rb4 25. Nd2 Reb8 26. a3 Rxb3 27. Nxb3 Rxb3
28. Kg2 Bf4 29. Rc2 Be5 30. Re2 Kg7 31. Re3 Rb7 32. b3 Bd7 33. Ree1 Be6 34.
Rec1 f5 35. h4 Bf6 36. Kg3 f4+ 37. Kxf4 Bxh4 38. Ke3 Bf6 39. f4 Bd4+ 40. Ke2
Kf7 41. Rh1 h5 42. a4 Rb8 43. Kf3 Re8 44. Rbe1 c6 45. Kg3 d5 46. cxd5 cxd5 47.
exd5 Bxd5 48. Rxe8 Bxh1 49. Rb8 Bc3 50. f3 h4+ 51. Kf2 Bd4+ 52. Ke2 h3 53. Rb7+
Kg8 54. Rb8+ Kh7 55. Rb7+ 0-1

[Event "SC Baden-Oos - Sfr. Neuberg"]
[Site "Dittrichshuette"]
[Date "2004.12.27"]
[Round "1.4"]
[White "Goergen, Barbara"]
[Black "Hummel, Dennis"]
[Result "1-0"]
[WhiteElo "1740"]
[BlackElo "1372"]
[PlyCount "58"]
[EventDate "2004.??.??"]

1. e4 e6 2. d4 d5 3. Nc3 Bb4 4. exd5 exd5 5. Bd3 Nf6 6. Bg5 c6 7. Nge2 O-O 8.
O-O Re8 9. a3 Bd6 10. f4 Nbd7 11. Ng3 Qc7 12. Nf5 h6 13. Nxd6 Qxd6 14. Bh4 Ne4
15. Bxe4 dxe4 16. f5 Nf6 17. Bg3 Qe7 18. Qe2 b6 19. Be5 Bb7 20. Rae1 c5 21.
Bxf6 Qxf6 22. d5 Qe5 23. f6 g6 24. Qe3 g5 25. Qh3 Kh7 26. Qd7 Bxd5 27. Nxd5 Rf8
28. Qf5+ Qxf5 29. Rxf5 Rfe8 1-0

[Event "SK Kelheim - SC Leipzig-Gohlis"]
[Site "Dittrichshuette"]
[Date "2004.12.27"]
[Round "1.1"]
[White "Natsidis, Christoph"]
[Black "Schiller, Stefan"]
[Result "0-1"]
[WhiteElo "1995"]
[BlackElo "1819"]
[PlyCount "78"]
[EventDate "2004.??.??"]

1. d4 Nf6 2. c4 c5 3. d5 e6 4. Nc3 exd5 5. cxd5 d6 6. e4 g6 7. f4 Bg7 8. Nf3
O-O 9. Bd3 Re8 10. O-O b6 11. Qc2 Ba6 12. a4 Bxd3 13. Qxd3 Nbd7 14. Nd2 a6 15.
Nc4 Qc7 16. Bd2 Rab8 17. Na3 Qb7 18. h3 Nh5 19. Kh1 Bxc3 20. Bxc3 b5 21. g4
Nhf6 22. Rae1 b4 23. Nc4 bxc3 24. Nxd6 Qxb2 25. Nxe8 Rxe8 26. e5 Qd2 27. Rd1
Qxd3 28. Rxd3 Ne4 29. Kg2 Rb8 30. e6 fxe6 31. dxe6 Ndf6 32. g5 Ne8 33. Re1 Rb2+
34. Kf3 c2 35. Rc1 N4d6 36. Rd2 Nf5 37. Ke4 Nd4 38. Rh2 Rb1 39. Rhh1 Nb3 0-1

[Event "SK Kelheim - SC Leipzig-Gohlis"]
[Site "Dittrichshuette"]
[Date "2004.12.27"]
[Round "1.2"]
[White "Fuhrmann, Max"]
[Black "Dueck, Stefan"]
[Result "0-1"]
[WhiteElo "1768"]
[BlackElo "1885"]
[PlyCount "65"]
[EventDate "2004.??.??"]

1. e4 e6 2. d4 d5 3. exd5 exd5 4. Bd3 Nf6 5. Nf3 c5 6. dxc5 Bxc5 7. O-O O-O 8.
Bg5 Qd6 9. c3 Nc6 10. Qc2 h6 11. Bh4 Bg4 12. Nbd2 Nh5 13. Kh1 Qc7 14. Nb3 Bxf3
15. Nxc5 Ne5 16. Be2 Bxg2+ 17. Kxg2 Nf4+ 18. Kh1 Qxc5 19. Rae1 Rfe8 20. Bg3
Neg6 21. Bf3 Qb5 22. Rd1 Rad8 23. a4 Qa6 24. h4 Ne2 25. Rfe1 Ngf4 26. Bxf4 Nxf4
27. Rxe8+ Rxe8 28. Bxd5 Qf6 29. Bf3 Qxh4+ 30. Kg1 Qh3 31. Be4 Qg4+ 32. Kh2 Qh4+
33. Kg1 0-1

[Event "SK Kelheim - SC Leipzig-Gohlis"]
[Site "Dittrichshuette"]
[Date "2004.12.27"]
[Round "1.3"]
[White "Ohme, Melanie"]
[Black "Eibl, Maximilian"]
[Result "1-0"]
[WhiteElo "1956"]
[BlackElo "1780"]
[PlyCount "73"]
[EventDate "2004.??.??"]

1. e4 c5 2. Nf3 d6 3. d4 cxd4 4. Nxd4 Nf6 5. Nc3 a6 6. Be2 e6 7. O-O Qc7 8. f4
Nbd7 9. Kh1 b5 10. Bf3 Bb7 11. Qe2 Be7 12. a4 b4 13. Na2 a5 14. c3 Ba6 15. Nb5
Bxb5 16. axb5 b3 17. Nb4 e5 18. Nc6 Nc5 19. Be3 exf4 20. Bxc5 dxc5 21. e5 Nd7
22. Nxe7 Kxe7 23. Bxa8 Rxa8 24. Rxf4 Nxe5 25. Re1 f6 26. Qe4 Rh8 27. Qd5 Rd8
28. Qxb3 Kf8 29. b6 Qb8 30. Ref1 Rd6 31. b7 Nd7 32. Qb5 Rd2 33. R4f2 Rd5 34.
Qc6 Rd6 35. Qc8+ Kf7 36. Re2 Kg6 37. Re7 1-0

[Event "SK Kelheim - SC Leipzig-Gohlis"]
[Site "Dittrichshuette"]
[Date "2004.12.27"]
[Round "1.4"]
[White "Braeutigam, Markus"]
[Black "Haense, Felix"]
[Result "0-1"]
[WhiteElo "1581"]
[BlackElo "1688"]
[PlyCount "66"]
[EventDate "2004.??.??"]

1. c4 {0} Nf6 2. d4 g6 3. Nc3 Bg7 4. e4 d6 5. Nf3 O-O 6. Be2 e5 7. dxe5 dxe5 8.
O-O Nc6 9. Bg5 Qxd1 10. Rfxd1 Be6 11. Rd2 Nd7 12. Rad1 Nd4 13. b3 a6 14. Na4 c5
15. Nb2 Rae8 16. Nd3 f5 17. exf5 gxf5 18. Nb2 e4 19. Nh4 f4 20. Bh5 Bf7 21. Be2
Nxe2+ 22. Rxe2 Bh5 23. f3 Bd4+ 24. Kf1 Re5 25. Bh6 Rf6 26. Bxf4 Rxf4 27. g3 Rf6
28. Na4 exf3 29. Rxe5 Nxe5 30. Re1 f2 31. Re4 Ng4 32. h3 Nh2+ 33. Kg2 f1=Q+ 0-1

[Event "FSV Grossenseebach - SC Kreuzberg"]
[Site "Dittrichshuette"]
[Date "2004.12.27"]
[Round "1.1"]
[White "Figura, Atila Gajo"]
[Black "Kirch, Daniel"]
[Result "1-0"]
[WhiteElo "2222"]
[BlackElo "1816"]
[PlyCount "81"]
[EventDate "2004.??.??"]

1. d4 g6 2. e4 Bg7 3. Nf3 d6 4. Bc4 Nf6 5. Qe2 a6 6. Bb3 O-O 7. O-O Nc6 8. e5
Ne8 9. Rd1 Bg4 10. Bf4 e6 11. h3 Bxf3 12. Qxf3 Qe7 13. Qe3 Nb4 14. a3 Nd5 15.
Bxd5 exd5 16. exd6 Qxe3 17. fxe3 Nxd6 18. Bxd6 cxd6 19. Nc3 Rac8 20. Rac1 Rfe8
21. Nxd5 Re4 22. c4 f5 23. Kf2 Rce8 24. Rc3 g5 25. Rb3 f4 26. exf4 Bxd4+ 27.
Rxd4 Rxd4 28. Nf6+ Kf7 29. Nxe8 Rxf4+ 30. Rf3 Rxf3+ 31. Kxf3 Kxe8 32. Kg4 h6
33. Kh5 b5 34. b3 bxc4 35. bxc4 Kd7 36. Kxh6 Kc6 37. Kxg5 Kc5 38. h4 Kxc4 39.
h5 d5 40. h6 d4 41. h7 1-0

[Event "FSV Grossenseebach - SC Kreuzberg"]
[Site "Dittrichshuette"]
[Date "2004.12.27"]
[Round "1.2"]
[White "Seyb, Alexander"]
[Black "Baumgardt, Laurin"]
[Result "1-0"]
[WhiteElo "2018"]
[BlackElo "1774"]
[PlyCount "57"]
[EventDate "2004.??.??"]

1. e4 e5 2. Nf3 Nc6 3. d4 exd4 4. Nxd4 Bc5 5. Be3 Qf6 6. c3 Nge7 7. g3 d5 8.
Bg2 dxe4 9. Nd2 Bf5 10. Nxf5 Qxf5 11. Bxe4 Qe5 12. Bf4 Qe6 13. O-O O-O-O 14.
Qc2 f5 15. Bg2 h6 16. Rfe1 Qf6 17. b4 g5 18. bxc5 gxf4 19. Rab1 b6 20. Nc4 fxg3
21. hxg3 f4 22. Bh3+ Kb8 23. cxb6 fxg3 24. bxa7+ Ka8 25. fxg3 Rhg8 26. Re3 Qf4
27. Qb2 Na5 28. Bg2+ Nd5 29. gxf4 1-0

[Event "FSV Grossenseebach - SC Kreuzberg"]
[Site "Dittrichshuette"]
[Date "2004.12.27"]
[Round "1.3"]
[White "Krautschick, Clemens"]
[Black "Borel, Markus"]
[Result "0-1"]
[WhiteElo "1521"]
[BlackElo "1862"]
[PlyCount "58"]
[EventDate "2004.??.??"]

1. e4 c5 2. Nc3 Nc6 3. g3 g6 4. Bg2 Bg7 5. f4 d6 6. Nf3 e6 7. O-O Nge7 8. d3
O-O 9. Be3 Rb8 10. Bf2 b6 11. d4 d5 12. dxc5 d4 13. Ne2 bxc5 14. Rb1 Ba6 15.
Re1 Qc7 16. a3 Rfd8 17. b4 d3 18. Nc1 d2 19. Nxd2 cxb4 20. e5 Nd5 21. Bxd5 Rxd5
22. Re3 Bf8 23. Nd3 bxa3 24. Rxb8 Qxb8 25. Nb3 Nb4 26. Kg2 Bc4 27. Be1 Nxd3 28.
Rxd3 Rxd3 29. cxd3 Bxb3 0-1

[Event "FSV Grossenseebach - SC Kreuzberg"]
[Site "Dittrichshuette"]
[Date "2004.12.27"]
[Round "1.4"]
[White "Hofmann, Benjamin"]
[Black "Huth, Ricardo"]
[Result "1-0"]
[WhiteElo "1768"]
[BlackElo "1399"]
[PlyCount "51"]
[EventDate "2004.??.??"]

1. e4 c5 2. c3 d5 3. exd5 Qxd5 4. d4 Nc6 5. Nf3 Bg4 6. Be2 cxd4 7. cxd4 e6 8.
Nc3 Qa5 9. O-O Nf6 10. Be3 Be7 11. h3 Bh5 12. Qb3 Qb4 13. Qxb4 Bxb4 14. a3 Be7
15. g4 Bg6 16. Ne5 Nxe5 17. dxe5 Nd5 18. Nxd5 exd5 19. Rfd1 O-O 20. Rxd5 Rfd8
21. Rad1 Kf8 22. Rxd8+ Bxd8 23. Bxa7 b6 24. Bf3 Rxa7 25. Rxd8+ Ke7 26. Rd6 1-0

[Event "SV Saarbruecken 1970 - TSV Schott Mainz"]
[Site "Dittrichshuette"]
[Date "2004.12.27"]
[Round "1.1"]
[White "Armbrust, Florian"]
[Black "Mueller, Reinhold"]
[Result "1-0"]
[WhiteElo "2184"]
[BlackElo "2048"]
[PlyCount "59"]
[EventDate "2004.??.??"]

1. e4 c5 2. Nc3 Nc6 3. g3 g6 4. Bg2 Bg7 5. d3 d6 6. f4 e6 7. Nf3 Nge7 8. O-O
O-O 9. Be3 Nd4 10. e5 dxe5 11. Nxe5 Rb8 12. a4 a6 13. a5 Nec6 14. Bxc6 bxc6 15.
Na4 Rb5 16. Nc4 Nf5 17. Bf2 Nd6 18. Ne5 Nb7 19. c4 Bxe5 20. fxe5 Rb4 21. Qd2
Rxc4 22. Be3 Rg4 23. Nxc5 Qd5 24. Ne4 Rxe4 25. dxe4 Qxe4 26. Bh6 Rd8 27. Qg5 f5
28. Qf6 Qd4+ 29. Rf2 Qd7 30. Rd2 1-0

[Event "SV Saarbruecken 1970 - TSV Schott Mainz"]
[Site "Dittrichshuette"]
[Date "2004.12.27"]
[Round "1.2"]
[White "Backes, Marco"]
[Black "Fragin, Ilja"]
[Result "0-1"]
[WhiteElo "1600"]
[BlackElo "1853"]
[PlyCount "80"]
[EventDate "2004.??.??"]

1. e4 Nf6 2. Nc3 d5 3. e5 Nfd7 4. d4 c5 5. Bd3 cxd4 6. Nce2 Nxe5 7. Nxd4 Nxd3+
8. Qxd3 e5 9. Nb3 Nc6 10. c3 Be6 11. Bd2 Rc8 12. Ne2 Qh4 13. O-O Bd6 14. Qg3
Qxg3 15. Nxg3 O-O 16. f4 exf4 17. Bxf4 Bxf4 18. Rxf4 Ne5 19. Rf2 Rfe8 20. Nd4
Nc6 21. Nge2 Bg4 22. Re1 Nxd4 23. cxd4 Rc2 24. Kf1 Bxe2+ 25. Rfxe2 Rcxe2 26.
Rxe2 Rxe2 27. Kxe2 f5 28. Kf3 Kf7 29. h4 Kf6 30. Kf4 g6 31. g3 h6 32. Kf3 g5
33. Ke3 Kg6 34. Kf3 Kh5 35. hxg5 Kxg5 36. a3 h5 37. b3 f4 38. gxf4+ Kf5 39. Kg3
h4+ 40. Kxh4 Kxf4 0-1

[Event "SV Saarbruecken 1970 - TSV Schott Mainz"]
[Site "Dittrichshuette"]
[Date "2004.12.27"]
[Round "1.3"]
[White "Khalat, David"]
[Black "Saken-Shaft, Nima"]
[Result "0-1"]
[WhiteElo "1637"]
[BlackElo "1569"]
[PlyCount "104"]
[EventDate "2004.??.??"]

1. e4 e5 2. Nf3 Nc6 3. Bc4 d6 4. d4 Bg4 5. d5 Nce7 6. Bg5 a6 7. h3 Bh5 8. Bb3
h6 9. Bh4 Qc8 10. Ba4+ b5 11. Bb3 Bxf3 12. Qxf3 f5 13. Nd2 fxe4 14. Nxe4 Qf5
15. Qe3 Ng6 16. Bg3 Be7 17. O-O Nf6 18. Nxf6+ Bxf6 19. Qc3 Qd7 20. Qd3 Qf7 21.
a4 O-O 22. axb5 axb5 23. Qxb5 Nf4 24. Qc4 Nh5 25. Rxa8 Rxa8 26. Qc6 Rf8 27. Qa4
e4 28. Qxe4 Nxg3 29. fxg3 Bd4+ 30. Qxd4 Qxf1+ 31. Kh2 Rf2 32. Qe4 Re2 33. Bc4
Rxe4 34. Bxf1 Rd4 35. c4 Rd2 36. b4 Kf7 37. g4 Kf6 38. Kg3 Ke5 39. Kh4 Rf2 40.
Bd3 Rxg2 41. Bf5 Rf2 42. Be6 Rf4 43. c5 Rxb4 44. cxd6 Kxd6 45. Bf7 Rf4 46. Be6
c5 47. Kg3 Rf6 48. h4 c4 49. g5 hxg5 50. hxg5 Rf8 51. Kg4 c3 52. Bf5 Rxf5 0-1

[Event "SV Saarbruecken 1970 - TSV Schott Mainz"]
[Site "Dittrichshuette"]
[Date "2004.12.27"]
[Round "1.4"]
[White "Bastian, Ruben"]
[Black "Katte, Nicolas"]
[Result "0-1"]
[WhiteElo "1507"]
[BlackElo "1663"]
[PlyCount "62"]
[EventDate "2004.??.??"]

1. e4 d6 2. d4 Nf6 3. Nc3 g6 4. f4 Bg7 5. Nf3 c5 6. dxc5 Qa5 7. Bd3 Qxc5 8. Qe2
Nc6 9. Bd2 Bg4 10. h3 Qh5 11. Nb5 Rc8 12. O-O-O Bxf3 13. gxf3 a6 14. Nc3 Nd4
15. Qe3 Nd7 16. Be2 b5 17. a3 Nc6 18. Be1 Nc5 19. f5 Qh6 20. Bf2 gxf5 21. exf5
Qf6 22. Rhg1 Bh6 23. f4 Qxf5 24. Bg4 Qxf4 25. Bxc8 Qf6 26. Rdf1 e6 27. Qxh6
Qxh6+ 28. Kb1 Ke7 29. Bxc5 Rxc8 30. Bf2 Ne5 31. h4 Nf3 0-1

[Event "Johanneum Eppendorf - SC Tamm 74"]
[Site "Dittrichshuette"]
[Date "2004.12.27"]
[Round "1.2"]
[White "Moshtael, Wesal"]
[Black "Andraschko, Felix"]
[Result "0-1"]
[WhiteElo "1902"]
[BlackElo "1668"]
[PlyCount "83"]
[EventDate "2004.??.??"]

1. e4 e6 2. d4 d5 3. Nc3 Nf6 4. Bg5 Bb4 5. e5 h6 6. Bd2 Bxc3 7. bxc3 Ne4 8. Qg4
g6 9. Bd3 Nxd2 10. Kxd2 c5 11. Nf3 Nc6 12. Qf4 Qe7 13. h4 Bd7 14. Rab1 c4 15.
Be2 O-O-O 16. Qf6 Rdf8 17. Qxe7 Nxe7 18. h5 g5 19. Nh2 Ng8 20. f4 f5 21. fxg5
hxg5 22. g4 Nh6 23. Rbg1 f4 24. Bf3 b5 25. Rb1 Kc7 26. Rb2 Rb8 27. Rhb1 Rb6 28.
Nf1 Be8 29. Nh2 Kc6 30. Ke2 Bf7 31. Kd2 Bg8 32. Nf1 Bh7 33. Ke2 Rhb8 34. Kf2
Ra6 35. Nd2 Rbb6 36. Ke2 Ra3 37. Nf1 Rxc3 38. Bxd5+ exd5 39. Kd2 Ra3 40. e6 c3+
41. Kd1 cxb2 42. e7 0-1

[Event "Johanneum Eppendorf - SC Tamm 74"]
[Site "Dittrichshuette"]
[Date "2004.12.27"]
[Round "1.3"]
[White "Doering, Andreas"]
[Black "Schmidt, Armin"]
[Result "1/2-1/2"]
[WhiteElo "1625"]
[BlackElo "1791"]
[PlyCount "20"]
[EventDate "2004.??.??"]

1. e4 c6 2. d4 d5 3. exd5 cxd5 4. c4 Nf6 5. Nc3 Nc6 6. Be3 e6 7. Nf3 Be7 8. Be2
O-O 9. O-O dxc4 10. Bxc4 Nb4 {Notation nicht nachvollziehbar} 1/2-1/2

[Event "Johanneum Eppendorf - SC Tamm 74"]
[Site "Dittrichshuette"]
[Date "2004.12.27"]
[Round "1.4"]
[White "Wenzel, Birger"]
[Black "Jannes, Alexander"]
[Result "1-0"]
[WhiteElo "1660"]
[BlackElo "1513"]
[PlyCount "39"]
[EventDate "2004.??.??"]

1. Nf3 d5 2. g3 Nf6 3. Bg2 Bf5 4. d4 e6 5. O-O c5 6. c4 Nc6 7. cxd5 Nxd5 8. Re1
Bg6 9. e4 Nf6 10. d5 Ne7 11. Nc3 h6 12. d6 Nc8 13. e5 Nh7 14. Nb5 Kd7 15. Qa4
Nb6 16. Qb3 c4 17. Qb4 a5 18. Qc5 Rc8 19. Nc7 Nd5 20. Qb5# 1-0

[Event "USG Chemmnitz - Hamburger SK"]
[Site "Dittrichshuette"]
[Date "2004.12.27"]
[Round "1.1"]
[White "Mueller, Philipp"]
[Black "Schaetz, Christopher"]
[Result "0-1"]
[WhiteElo "1825"]
[BlackElo "1582"]
[PlyCount "68"]
[EventDate "2004.??.??"]

1. d4 d5 2. c4 dxc4 3. Nc3 c6 4. e3 Nf6 5. Bxc4 e6 6. Nge2 Be7 7. O-O O-O 8. b3
Nbd7 9. Bb2 b6 10. f3 c5 11. Qe1 Bb7 12. Qg3 Nd5 13. Nd1 N7f6 14. e4 Nb4 15.
Ne3 Rc8 16. a3 Na6 17. d5 exd5 18. Bxd5 Bxd5 19. Nxd5 Nh5 20. Qh3 Bf6 21. Ndc3
Bd4+ 22. Kh1 Qg5 23. f4 Qg6 24. f5 Qg5 25. g4 Nf6 26. Qd3 Nc7 27. Bc1 Qxg4 28.
Nxd4 cxd4 29. Rg1 Qh5 30. Ne2 Rfe8 31. Nf4 Qh4 32. Qxd4 Rxe4 33. Qd6 Ng4 34.
Ng2 Nf2# 0-1

[Event "USG Chemmnitz - Hamburger SK"]
[Site "Dittrichshuette"]
[Date "2004.12.27"]
[Round "1.2"]
[White "Eidner, Falk"]
[Black "Bracker, Arne"]
[Result "1/2-1/2"]
[WhiteElo "1720"]
[BlackElo "1761"]
[PlyCount "91"]
[EventDate "2004.??.??"]

1. e4 e6 2. d4 d5 3. Nc3 Bb4 4. e5 c5 5. a3 Bxc3+ 6. bxc3 Qc7 7. Nf3 Ne7 8. Bd3
c4 9. Be2 Qa5 10. Qd2 Nbc6 11. O-O Bd7 12. Bb2 Qa4 13. h3 O-O-O 14. Rfb1 f5 15.
Bc1 h6 16. Nh2 Rdg8 17. Nf1 g5 18. Ng3 Be8 19. Ra2 h5 20. Nf1 g4 21. h4 Ng6 22.
g3 f4 23. Qe1 Rf8 24. Bd2 Rh7 25. f3 fxg3 26. Qxg3 gxf3 27. Bxf3 Nge7 28. Bg2
Nf5 29. Qh3 Rg7 30. Bg5 Bf7 31. Ne3 Nce7 32. Nxf5 Nxf5 33. Kh1 Rfg8 34. Bxd5 b6
35. Rg1 exd5 36. Qxf5+ Qd7 37. Qxd7+ Kxd7 38. Raa1 Be6 39. Raf1 Rg6 40. Rf6
Rxf6 41. Bxf6 Rxg1+ 42. Kxg1 Bf5 43. Kf2 Bxc2 44. Ke3 Bf5 45. Kd2 a6 46. Bg5
1/2-1/2

[Event "USG Chemmnitz - Hamburger SK"]
[Site "Dittrichshuette"]
[Date "2004.12.27"]
[Round "1.3"]
[White "Salenko, Vadym"]
[Black "Bruesch, Robert"]
[Result "1-0"]
[WhiteElo "1786"]
[BlackElo "1625"]
[PlyCount "141"]
[EventDate "2004.??.??"]

1. d4 d5 2. Nf3 Nf6 3. e3 e6 4. Bd3 c5 5. c3 Nc6 6. Nbd2 a6 7. O-O Qc7 8. Re1
Be7 9. dxc5 Bxc5 10. e4 O-O 11. e5 Ng4 12. Bxh7+ Kh8 13. Nd4 Kxh7 14. Qxg4 Nxe5
15. Qh5+ Kg8 16. Qxe5 Bd6 17. Qh5 g6 18. Qe2 Bxh2+ 19. Kf1 Bd6 20. c4 Kg7 21.
N4f3 Bd7 22. b3 dxc4 23. Nxc4 Bb5 24. Bb2+ Kg8 25. Rac1 Qc5 26. a4 Bxc4 27.
Rxc4 Qf5 28. Rh4 e5 29. Bxe5 Bxe5 30. Qxe5 Qxe5 31. Nxe5 Kg7 32. Rb4 b5 33.
axb5 axb5 34. Rxb5 Rh8 35. Ke2 Rhe8 36. Kf3 Rac8 37. Re3 Rc7 38. b4 Re6 39. Rc5
Rb7 40. b5 Rf6+ 41. Ke2 Ra7 42. Rc2 Rb7 43. Rb2 Rfb6 44. Nc4 Rxb5 45. Rxb5 Rxb5
46. Kd3 Rd5+ 47. Ke4 Rg5 48. g3 Rb5 49. Nd6 Ra5 50. Rc3 Ra7 51. g4 Re7+ 52. Kf4
Re6 53. Ne4 Re7 54. g5 Ra7 55. Nf6 Ra8 56. Re3 Kf8 57. Nd7+ Kg7 58. Rb3 Rd8 59.
Rb7 Kg8 60. Rb8 Rxb8 61. Nxb8 Kg7 62. Ke5 Kf8 63. Kf6 Kg8 64. Nd7 Kh7 65. Kxf7
Kh8 66. Kxg6 Kg8 67. Kf6 Kh7 68. Kf5 Kh8 69. f4 Kh7 70. g6+ Kh6 71. g7 1-0

[Event "USG Chemmnitz - Hamburger SK"]
[Site "Dittrichshuette"]
[Date "2004.12.27"]
[Round "1.4"]
[White "Klebanov, Andrej"]
[Black "Held, Florian"]
[Result "1-0"]
[WhiteElo "1598"]
[BlackElo "1734"]
[PlyCount "93"]
[EventDate "2004.??.??"]

1. d4 Nf6 2. c4 g6 3. Nc3 Bg7 4. e4 d6 5. Nf3 O-O 6. h3 e5 7. dxe5 dxe5 8. Qxd8
Rxd8 9. Bg5 Re8 10. Bxf6 Bxf6 11. Nd5 Bd8 12. O-O-O c6 13. Nc3 Bc7 14. Be2 f6
15. Na4 Na6 16. a3 Be6 17. Kc2 Rad8 18. c5 Rxd1 19. Rxd1 Rd8 20. Rxd8+ Bxd8 21.
Bxa6 bxa6 22. Nd2 Kf7 23. Kd3 f5 24. f3 f4 25. Nc4 Bxc4+ 26. Kxc4 Kf6 27. Nc3
Kg5 28. Kd3 Kh4 29. Ke2 a5 30. Na2 Be7 31. b4 Kg3 32. Kf1 Kh2 33. Nc1 axb4 34.
axb4 a6 35. Nd3 Bf6 36. Nb2 Bd8 37. Nc4 Bc7 38. Kf2 h6 39. Nd6 a5 40. bxa5 Bxa5
41. Nf7 Bb4 42. Nxe5 Bxc5+ 43. Kf1 g5 44. Nxc6 Kg3 45. Nd8 h5 46. Ne6 Be7 47.
Ng7 1-0